000 00579nam a2200193 a 4500
005 20210223120432.0
008 991125s1967 mx 000 0 spa u
035 _aUPN01000001151
049 _aCG
050 4 _aDT20
_bF4.28
100 1 _aFerkiss, Victor C.
245 1 0 _aAfrica :
_ben busca de una identidad /
_cVictor C. Ferkiss ; tr. por Lesmes Zabal.
260 _aMéxico :
_bUTEHA,
_c1967.
300 _avii, 313 p.
440 0 _aBiblioteca UTHEA de historia
651 4 _aAFRICA -
_xCIVILIZACION
_92044
651 4 _aAFRICA -
_xCONDICIONES SOCIALES
_92047
905 _aLibro
999 _c1151
_d1151